Code for Sustainable Homes and Energy Performance of Buildings (Record no. 113316)

MARC details
000 -LEADER
fixed length control field 01305cad a22002055a 4500
001 - CONTROL NUMBER
control field L155090
008 - FIXED-LENGTH DATA ELEMENTS--GENERAL INFORMATION
fixed length control field 120228s2012 xxk f 000 0 eng d
035 ## - SYSTEM CONTROL NUMBER
System control number (Sirsi) u155090
041 0# - LANGUAGE CODE
Language code of text/sound track or separate title eng
110 2# - MAIN ENTRY--CORPORATE NAME
Corporate name or jurisdiction name as entry element United Kingdom
Subordinate unit Department for Communities and Local Government
9 (RLIN) 4939
245 00 - TITLE STATEMENT
Title Code for Sustainable Homes and Energy Performance of Buildings
Remainder of title Cumulative and Quarterly Data for England, Wales and Northern Ireland up to end of December 2011
Medium [electronic resource]
260 ## - PUBLICATION, DISTRIBUTION, ETC.
Place of publication, distribution, etc. London
Name of publisher, distributor, etc. DCLG
Date of publication, distribution, etc. 2012
520 ## - SUMMARY, ETC.
Summary, etc. Statistics in this release relating to the Code for Sustainable Homes show the number of dwellings that have been certified to the standards set out in the Code Technical Guide. Key points from the release include that there were 52 486 post construction stage certificates and 98 865 design stage certificates issued up to 31 December 2011 and 16 per cent of homes with post construction certificates and 26 per cent of those with design stage certificates have been built for the private sector.
590 ## - LOCAL NOTE (RLIN)
Local note KA
651 #4 - SUBJECT ADDED ENTRY--GEOGRAPHIC NAME
Geographic name ENGLAND AND WALES
651 #4 - SUBJECT ADDED ENTRY--GEOGRAPHIC NAME
Geographic name Northern Ireland
Chronological subdivision 2007-
690 ## - LOCAL SUBJECT ADDED ENTRY--TOPICAL TERM (OCLC, RLIN)
Topical term or geographic name as entry element Sustainability
9 (RLIN) 6271
856 40 - ELECTRONIC LOCATION AND ACCESS
Uniform Resource Identifier <a href="https://www.communities.gov.uk/documents/statistics/pdf/2092922.pdf">https://www.communities.gov.uk/documents/statistics/pdf/2092922.pdf</a>
Public note View the item free of charge at www.communities.gov.uk
942 ## - ADDED ENTRY ELEMENTS (KOHA)
Suppress in OPAC 0
Holdings
Withdrawn status Lost status Source of classification or shelving scheme Damaged status Not for loan Home library Current library Shelving location Date acquired Total Checkouts Full call number Barcode Date last seen Copy number Price effective from Koha item type
    Dewey Decimal Classification     Virtual Virtual Online 28/02/2012   ONLINE PUBLICATION 155090-2001 06/08/2019 1 06/08/2019 Book